00306nam a2200133Ia 4500008004100000100001600041245003400057250001200091260002500103300000800128650001200136942000700148999001700155190216s9999||||xx |||||||||||||| ||und|| aMukhin. K.N 0aExperrimental Nuclear Physics a1st Ed. bMir Publishersc1987 a395 aPhysics cBK c33192d33192